000 00989nam a22002177a 4500
999 _c19519
_d19519
005 20251125232916.0
008 s2541 th tha d
020 _a9746108409
040 _aNALT
041 _atha
245 1 0 _aเอกสารการสอนชุดวิชา กฎหมายกับการเปลี่ยนแปลงของสังคม หน่วยที่ 1-7 [10th]
246 _aLaw and Social Change \\\[10th]
260 3 _aนนทบุรี :
_bสำนักพิมพ์มหาวิทยาลัยสุโขทัยธรรมาธิราช,
_c2541
300 _a410 หน้า ;
_b 30 ซม.
650 0 4 _aกฎหมายกับสังคม
850 _aNALT
856 4 0 _uhttps://hdl.handle.net/20.500.14156/449080
_71
942 _cLB
_2lcc
_04
998 _j111
_k นางสาวพจพิณ พรมเอี่ยม
090 _aKC31 ส747อ 2541 ล.1